Sự tương đồng và dị biệt giữa hai loại hoạ pháp của hội hoạ Ấn Độ và hội hoạ phương Tây /

Gespeichert in:
Bibliographische Detailangaben
1. Verfasser: Thanh Lâm.
Format: Artikel
Sprache:Vietnamese
Schlagworte:
Tags: Tag hinzufügen
Keine Tags, Fügen Sie den ersten Tag hinzu!
Thư viện lưu trữ: Thư viện Trường Đại học Đà Lạt
LEADER 00853nam a2200277 4500
001 DLU090080593
005 ##20090619
040 # # |a DLU  |b vie 
041 # # |a vie 
044 # # |a vn 
100 # # |a Thanh Lâm. 
245 # # |a Sự tương đồng và dị biệt giữa hai loại hoạ pháp của hội hoạ Ấn Độ và hội hoạ phương Tây /  |c Thanh Lâm. 
653 # # |a Ấn Độ 
653 # # |a Nghệ thuật hội hoạ 
653 # # |a Nghiên cứu so sánh 
653 # # |a Phương Tây 
773 # # |t Văn hoá Nghệ thuật  |g Số 6(192), 2000, tr. 75-79 
920 # # |a Phòng Tạp chí -- Trung tâm Thông tin - Thư viện Trường Đại học Đà Lạt 
994 # # |a DLU 
900 # # |a True 
911 # # |a Đào Thị Thu Huyền 
925 # # |a G 
926 # # |a A 
927 # # |a BB 
980 # # |a Thư viện Trường Đại học Đà Lạt